Mixed Word: Murder Mystery Dinner Quiz Stats

 Plays Quiz Updated May 5, 2012

Support Sporcle.
Go Orange.
Score 0/15 Timer 04:00
0 Plays Today
Mixed Word Food % Correct
OUPSSO[U]P
98.8%
DKUC[D]UCK
97.5%
ESCHEEC[H]EESE
97.2%
LAADSSALA[D]
96.2%
TOOTAPPO[T]ATO
95.3%
STAAPPAS[T]A
95.2%
KESTAST[E]AK
95%
DEBRA[B]READ
94.8%
Mixed Word Food % Correct
RISHPMSHR[I]MP
88.2%
KEINCCHCHICK[E]N
85.7%
TAROS[R]OAST
84.7%
LOMASNSA[L]MON
81%
Who murdered Mrs. Rochestershireson?!The butler did it!
80.4%
SKITREBBR[I]SKET
74.7%
PAAILIT[T]ILAPIA
51.5%

From the Vault

50 Flicks To Click (1964)

by caramba

Movies 5m
Fun fact: we're closer to 2064 than 1964.
Remove Ads.
Support Sporcle.
Get the best of Sporcle when you Go Orange. This ad-free experience offers more features, more stats, and more fun while also helping to support Sporcle. Thank you for becoming a member.

Show Comments

Extras

Top Quizzes Today


Score Distribution

Your Account Isn't Verified!

In order to create a playlist on Sporcle, you need to verify the email address you used during registration. Go to your Sporcle Settings to finish the process.

Report this User

Report this user for behavior that violates our Community Guidelines.

Details: